[Event "M.Chigorin Memorial 2017 "]
[Site "?????-?????????"]
[Date "2017.10.28"]
[Round "8"]
[Board "23"]
[White "Soumya, Swaminathan"]
[Black "Lomasov, Semen"]
[Result "1/2-1/2"]
[WhiteElo "2320"]
[BlackElo "2490"]
[PlyCount "97"]
[EventDate "2017.10.21"]
[EventRounds "9"]
[EventCountry "RUS"]

1. d4 Nf6 2. c4 c5 3. d5 b5 4. cxb5 a6 5. bxa6 Bxa6 6. Nc3 g6 7. e4 Bxf1 8.
Kxf1 d6 9. g3 Bg7 10. Kg2 O-O 11. Nf3 Nbd7 12. a4 Ra6 13. Qc2 Qa8 14. Ra3 Qb7
15. Re1 Rb8 16. Nb5 Ne8 17. b3 Nc7 18. Nxc7 Qxc7 19. Nd2 Qa5 20. Re3 Bd4 21.
Nc4 Qd8 22. Re2 Nf6 23. Qd3 Ra7 24. Bb2 Bxb2 25. Rxb2 Rb4 26. Rd2 Nd7 27. a5
Nf6 28. f4 Ne8 29. e5 Nc7 30. Ra4 Rb8 31. Nb6 Na8 32. Nc4 Nc7 33. f5 Rab7 34.
fxg6 hxg6 35. exd6 exd6 36. Nb6 Ne8 37. Rf2 Ng7 38. Qe3 Nf5 39. Rxf5 gxf5 40.
Qh6 Qf8 41. Qg5+ Qg7 42. Qxf5 Qe5 43. Rg4+ Kf8 44. Qh7 Qe2+ 45. Kh3 Qf1+ 46.
Kh4 Qf6+ 47. Kh3 Qf1+ 48. Kh4 Qf6+ 49. Kh3  1/2-1/2

[Event "M.Chigorin Memorial 2017 "]
[Site "?????-?????????"]
[Date "2017.10.28"]
[Round "8"]
[Board "24"]
[White "Kharchenko, Boris"]
[Black "Gogin, Maksim"]
[Result "1/2-1/2"]
[WhiteElo "2477"]
[BlackElo "2296"]
[PlyCount "101"]
[EventDate "2017.10.21"]
[EventRounds "9"]
[EventCountry "RUS"]

1. e4 c5 2. Nf3 e6 3. c3 Nf6 4. e5 Nd5 5. d4 cxd4 6. cxd4 b6 7. Bc4 Bb7 8. O-O
d6 9. Bg5 Be7 10. Bxd5 Bxd5 11. Bxe7 Qxe7 12. Nc3 Bb7 13. Nb5 dxe5 14. dxe5 O-O
15. Qd6 Nc6 16. Rfc1 Rfd8 17. Qxe7 Nxe7 18. Rc7 Ba6 19. a4 Bxb5 20. axb5 Ng6
21. h4 h6 22. h5 Nf4 23. Raxa7 Rxa7 24. Rxa7 Rd5 25. Ra8+ Kh7 26. Ra7 Nd3 27.
Rxf7 Nxe5 28. Nxe5 Rxe5 29. g4 Rxb5 30. Kg2 Rxb2 31. Re7 b5 32. Rxe6 Kg8 33.
Re7 b4 34. Rb7 b3 35. Kg3 Kh7 36. Rb8 g5 37. hxg6+ Kxg6 38. Rb6+ Kg7 39. f3 Rb1
40. Kf4 b2 41. Kf5 Rf1 42. Rb7+ Kf8 43. Rxb2 Rxf3+ 44. Kg6 Rh3 45. Rb8+ Ke7 46.
Rh8 Rh4 47. Rh7+ Ke6 48. Rxh6 Rxg4+ 49. Kh5+ Kf5 50. Rf6+ Kxf6 51. Kxg4  1/2-1/2

[Event "M.Chigorin Memorial 2017 "]
[Site "?????-?????????"]
[Date "2017.10.28"]
[Round "8"]
[Board "25"]
[White "Usmanov, Vasily"]
[Black "Oglaza, Oskar"]
[Result "1-0"]
[WhiteElo "2463"]
[BlackElo "2182"]
[PlyCount "111"]
[EventDate "2017.10.21"]
[EventRounds "9"]
[EventCountry "RUS"]

1. d4 Nf6 2. Bf4 g6 3. Nc3 Bg7 4. e4 O-O 5. Nf3 d6 6. Qd2 Nc6 7. h3 e5 8. dxe5
dxe5 9. Be3 Qe7 10. Bc4 Be6 11. Bxe6 Qxe6 12. O-O-O Rfd8 13. Qe2 Nb4 14. Rxd8+
Rxd8 15. Rd1 Rxd1+ 16. Qxd1 Nc6 17. Qd3 Bf8 18. Nd5 Nb4 19. Nxb4 Bxb4 20. Qd8+
Kg7 21. Qxc7 Qxa2 22. c3 Qa1+ 23. Kc2 Qa4+ 24. Kd3 Qb5+ 25. Qc4 Qd7+ 26. Ke2
Bd6 27. Bxa7 b5 28. Qd3 Qxa7 29. Qxd6 Qxf2+ 30. Kxf2 Nxe4+ 31. Ke3 Nxd6 32.
Nxe5 Kf6 33. Kd4 Nf5+ 34. Ke4 Ke6 35. Nf3 Kd6 36. g4 Ng3+ 37. Kf4 Ne2+ 38. Ke3
Nc1 39. Nd4 Kc5 40. Kd2 Na2 41. Kd3 f5 42. b4+ Nxb4+ 43. cxb4+ Kxb4 44. g5 Kc5
45. h4 b4 46. Nxf5 gxf5 47. h5 f4 48. g6 hxg6 49. hxg6 f3 50. g7 f2 51. Ke2 Kd4
52. g8=Q Kc3 53. Qa2 b3 54. Qb1 f1=Q+ 55. Kxf1 b2 56. Ke2  1-0

[Event "M.Chigorin Memorial 2017 "]
[Site "?????-?????????"]
[Date "2017.10.28"]
[Round "8"]
[Board "26"]
[White "Evdokimov, Alexey"]
[Black "Zakhartsov, Vladimir"]
[Result "0-1"]
[WhiteElo "2280"]
[BlackElo "2461"]
[PlyCount "76"]
[EventDate "2017.10.21"]
[EventRounds "9"]
[EventCountry "RUS"]

1. Nf3 c5 2. c4 Nf6 3. Nc3 e6 4. e4 d6 5. d4 cxd4 6. Nxd4 a6 7. Bd3 Be7 8. O-O
Qc7 9. b3 Nbd7 10. Bb2 g5 11. Rc1 Rg8 12. Bb1 Ne5 13. Qe2 b6 14. Rfd1 Bb7 15.
a4 Rd8 16. Ba3 Ng6 17. Qe1 Ng4 18. Nf3 h5 19. a5 bxa5 20. c5 dxc5 21. Rxd8+
Bxd8 22. h3 N4e5 23. Nxe5 Nxe5 24. Ne2 g4 25. Rxc5 Qb8 26. hxg4 Bb6 27. Qc3
Nxg4 28. Rxh5 Bxf2+ 29. Kh1 Qd8 30. Bc2 Nf6 31. Rh6 Nxe4 32. Qe5 Qd5 33. Qxd5
Bxd5 34. Nf4 Bb7 35. Bb2 Be3 36. Bxe4 Bxe4 37. Be5 Bxf4 38. Bxf4 Rxg2  0-1

[Event "M.Chigorin Memorial 2017 "]
[Site "?????-?????????"]
[Date "2017.10.28"]
[Round "8"]
[Board "27"]
[White "Smirnov, Timofey"]
[Black "Solozhenkin, Evgeniy"]
[Result "1/2-1/2"]
[WhiteElo "2294"]
[BlackElo "2459"]
[PlyCount "73"]
[EventDate "2017.10.21"]
[EventRounds "9"]
[EventCountry "RUS"]

1. e4 c5 2. Nf3 d6 3. d4 cxd4 4. Nxd4 Nf6 5. Nc3 a6 6. h3 e5 7. Nde2 b5 8. g4
b4 9. Nd5 Nxd5 10. exd5 h5 11. g5 h4 12. Be3 Bf5 13. Qd2 Nd7 14. Bg2 Rc8 15.
Rc1 Be7 16. O-O Nc5 17. f4 Qd7 18. fxe5 dxe5 19. d6 Ne4 20. Bxe4 Bxe4 21. dxe7
Qxh3 22. Kf2 a5 23. Rcd1 f6 24. g6 Bxg6 25. Rg1 Qf5+ 26. Ke1 h3 27. Rxg6 h2 28.
Ng3 h1=Q+ 29. Nxh1 Rxh1+ 30. Bg1 Kf7 31. Rg2 Qe4+ 32. Kf1 Qf3+ 33. Rf2 Qh3+ 34.
Rg2 Qf3+ 35. Rf2 Qh3+ 36. Rg2 Qf3+ 37. Rf2  1/2-1/2

[Event "M.Chigorin Memorial 2017 "]
[Site "?????-?????????"]
[Date "2017.10.28"]
[Round "8"]
[Board "28"]
[White "Kezin, Roman"]
[Black "Mkrtchyan, Sargis R."]
[Result "0-1"]
[WhiteElo "2455"]
[BlackElo "2145"]
[PlyCount "46"]
[EventDate "2017.10.21"]
[EventRounds "9"]
[EventCountry "RUS"]

1. d4 Nf6 2. c4 g6 3. Nc3 Bg7 4. e4 d6 5. Nf3 O-O 6. h3 e5 7. d5 Nh5 8. Nh2 Qe8
9. Be2 Nf4 10. Bf3 f5 11. g3 Nxh3 12. Bg2 fxe4 13. Be3 Na6 14. Nf1 Nf4 15. gxf4
exf4 16. Bd4 Nb4 17. Bxg7 Nd3+ 18. Kd2 Nxf2 19. Nxe4 Nxd1 20. Bxf8 Qe5 21. Rxd1
Qxb2+ 22. Kd3 Qxg2 23. Nfd2 Bf5  0-1

[Event "M.Chigorin Memorial 2017 "]
[Site "?????-?????????"]
[Date "2017.10.28"]
[Round "8"]
[Board "29"]
[White "Naboka, Sergey"]
[Black "Mirzoev, Azer"]
[Result "1/2-1/2"]
[WhiteElo "2351"]
[BlackElo "2555"]
[PlyCount "198"]
[EventDate "2017.10.21"]
[EventRounds "9"]
[EventCountry "RUS"]

1. e4 c6 2. d4 d5 3. e5 Bf5 4. Nf3 e6 5. Be2 Nd7 6. O-O h6 7. Nbd2 Ne7 8. c3
Bh7 9. a4 Ng6 10. g3 Be7 11. h4 O-O 12. h5 Nh8 13. Nh2 f6 14. f4 c5 15. Bg4 Qb6
16. a5 Qc6 17. Qa4 f5 18. Be2 Qxa4 19. Rxa4 cxd4 20. cxd4 Nf7 21. Nb3 Rac8 22.
Bd3 Nd8 23. Bd2 Nc6 24. Rc1 a6 25. Nf1 g6 26. hxg6 Bxg6 27. g4 Kh7 28. Ne3 fxg4
29. f5 Bxf5 30. Bxf5+ exf5 31. Nxd5 Bh4 32. Rac4 Rce8 33. Rxc6 bxc6 34. Rxc6
Rb8 35. Rxh6+ Kg7 36. Nb6 Nxb6 37. axb6 Bd8 38. Rd6 Bxb6 39. Bh6+ Kg8 40. Bxf8
Kxf8 41. Rf6+ Ke7 42. Kf1 a5 43. d5 a4 44. Nd2 Bd4 45. Nc4 Bxb2 46. d6+ Kd7 47.
Rf7+ Kc6 48. Rc7+ Kd5 49. d7 Rd8 50. Nxb2 a3 51. Nd3 a2 52. Ra7 a1=Q+ 53. Rxa1
Rxd7 54. Ra5+ Kd4 55. Ke2 Rh7 56. Ra4+ Kd5 57. Ra5+ Kd4 58. Nf4 Ke4 59. Ng2 f4
60. Ra4+ Kxe5 61. Rxf4 Ra7 62. Rxg4 Ra2+ 63. Kf3 Ra3+ 64. Ne3 Rb3 65. Rg5+ Kf6
66. Ra5 Rb1 67. Ke4 Re1 68. Kf4 Ke6 69. Ra6+ Kd7 70. Ke4 Kc7 71. Kd4 Kd7 72.
Nf5 Rd1+ 73. Kc5 Rc1+ 74. Kd5 Rd1+ 75. Nd4 Ke7 76. Rb6 Kf7 77. Ke5 Re1+ 78. Kd5
Rd1 79. Rb3 Kf6 80. Rf3+ Ke7 81. Rh3 Kf6 82. Rh4 Kg5 83. Re4 Kf6 84. Re3 Kf7
85. Ke5 Ra1 86. Nc6 Rf1 87. Re2 Rf3 88. Nd4 Rf1 89. Nf5 Ra1 90. Rd2 Re1+ 91.
Kd5 Kf6 92. Nd4 Ra1 93. Rf2+ Kg6 94. Nc6 Kg5 95. Ke6 Ra6 96. Kd5 Ra1 97. Nd4
Kg6 98. Rf3 Rd1 99. Ke4 Re1+  1/2-1/2

[Event "M.Chigorin Memorial 2017 "]
[Site "?????-?????????"]
[Date "2017.10.28"]
[Round "8"]
[Board "30"]
[White "Fenil, Shah"]
[Black "Iljiushenok, Ilia"]
[Result "0-1"]
[WhiteElo "2350"]
[BlackElo "2519"]
[PlyCount "58"]
[EventDate "2017.10.21"]
[EventRounds "9"]
[EventCountry "RUS"]

1. d4 Nf6 2. g3 g6 3. Bg2 Bg7 4. e4 d6 5. Ne2 O-O 6. Nbc3 e5 7. h3 c6 8. Be3
Nbd7 9. O-O b5 10. d5 Qc7 11. dxc6 Qxc6 12. Nd4 exd4 13. e5 Qxg2+ 14. Kxg2 Bb7+
15. f3 dxe5 16. Nxb5 dxe3 17. Qe2 Bc6 18. a4 a6 19. Nd6 Rab8 20. Nc4 e4 21. f4
Nd5 22. Ra2 Nc5 23. Nxe3 Rfd8 24. Nc4 e3 25. Kh2 Ne4 26. f5 Nd2 27. Rd1 Nc3 28.
bxc3 Nf3+ 29. Kg2 Nd4+  0-1

[Event "M.Chigorin Memorial 2017 "]
[Site "?????-?????????"]
[Date "2017.10.28"]
[Round "8"]
[Board "31"]
[White "Praggnanandhaa, R"]
[Black "Ponfilenok, Vladimir"]
[Result "1-0"]
[WhiteElo "2503"]
[BlackElo "2350"]
[PlyCount "67"]
[EventDate "2017.10.21"]
[EventRounds "9"]
[EventCountry "RUS"]

1. e4 e6 2. d3 d5 3. Qe2 Nc6 4. Nf3 Nf6 5. c3 Be7 6. Qc2 e5 7. Be2 O-O 8. O-O
a5 9. Nbd2 b6 10. Re1 Bc5 11. Nb3 Bd6 12. Bg5 dxe4 13. dxe4 h6 14. Bh4 g5 15.
Bg3 Qe7 16. Rad1 Bg4 17. h3 Bxf3 18. Bxf3 Rad8 19. Qe2 Qe6 20. Nd2 Ne7 21. a3
Ng6 22. b4 Be7 23. Nf1 Qb3 24. Ne3 Rxd1 25. Rxd1 Ra8 26. Qc4 Qxa3 27. Nf5 axb4
28. Nxe7+ Nxe7 29. Bxe5 b3 30. Bxf6 b2 31. e5 Qa1 32. Qd3 Nc6 33. Kh2 Qa4 34.
Rb1  1-0

[Event "M.Chigorin Memorial 2017 "]
[Site "?????-?????????"]
[Date "2017.10.28"]
[Round "8"]
[Board "32"]
[White "Kobo, Ori"]
[Black "Schekachikhin, Maksim"]
[Result "1/2-1/2"]
[WhiteElo "2460"]
[BlackElo "2348"]
[PlyCount "80"]
[EventDate "2017.10.21"]
[EventRounds "9"]
[EventCountry "RUS"]

1. Nf3 d5 2. d4 Nf6 3. Bf4 c5 4. e3 e6 5. Nbd2 Bd6 6. Bb5+ Nc6 7. dxc5 Bxc5 8.
O-O O-O 9. a3 Be7 10. Qe2 Nh5 11. Rfd1 Nxf4 12. exf4 Qc7 13. g3 Bf6 14. c3 b6
15. Nb3 Bb7 16. Nbd4 Nxd4 17. cxd4 Rac8 18. Bd3 Qd6 19. Rac1 Rc7 20. Rxc7 Qxc7
21. h4 h5 22. Ne5 g6 23. g4 Bxe5 24. fxe5 Qe7 25. g5 Rc8 26. Kg2 Qd7 27. Rd2
Bc6 28. Rc2 Ba4 29. Rxc8+ Qxc8 30. Qd2 Qc6 31. Qb4 Bc2 32. Qd6 Qc8 33. Bb5 Be4+
34. f3 Qc1 35. Qd8+ Kh7 36. Qf6 Qd2+ 37. Kg3 Qe1+ 38. Kg2 Qd2+ 39. Kg3 Qe1+ 40.
Kg2 Qd2+  1/2-1/2

[Event "M.Chigorin Memorial 2017 "]
[Site "?????-?????????"]
[Date "2017.10.28"]
[Round "8"]
[Board "33"]
[White "Belenkaya, Dina"]
[Black "Li, Yankai"]
[Result "0-1"]
[WhiteElo "2346"]
[BlackElo "2455"]
[PlyCount "62"]
[EventDate "2017.10.21"]
[EventRounds "9"]
[EventCountry "RUS"]

1. e4 c5 2. Nf3 e6 3. c4 Nc6 4. Nc3 Nd4 5. Nxd4 cxd4 6. Nb5 e5 7. a4 a6 8. Na3
Bc5 9. Be2 Ne7 10. O-O d6 11. d3 O-O 12. Bd2 Nc6 13. f4 f5 14. Bf3 exf4 15.
exf5 Bxf5 16. Bxf4 Nb4 17. Be2 g5 18. Bg3 Qe7 19. Nc2 Rae8 20. Rf2 Nxc2 21.
Qxc2 Qe3 22. Raf1 Bg6 23. Kh1 Rxf2 24. Rxf2 h5 25. Bf1 h4 26. Re2 Rf8 27. Bf2
Bxd3 28. Rxe3 Bxc2 29. Rf3 Rxf3 30. gxf3 d3 31. Bxc5 dxc5  0-1

[Event "M.Chigorin Memorial 2017 "]
[Site "?????-?????????"]
[Date "2017.10.28"]
[Round "8"]
[Board "34"]
[White "Oganian, Miran"]
[Black "Bykov, Egor"]
[Result "1-0"]
[WhiteElo "2454"]
[BlackElo "2346"]
[PlyCount "47"]
[EventDate "2017.10.21"]
[EventRounds "9"]
[EventCountry "RUS"]

1. d4 d5 2. c4 c6 3. Nf3 Nf6 4. Nc3 dxc4 5. a4 e6 6. e4 Bb4 7. e5 Nd5 8. Bd2
Bxc3 9. bxc3 b5 10. Ng5 h6 11. Ne4 O-O 12. Nd6 f6 13. Qg4 fxe5 14. dxe5 Kh8 15.
Be2 Qe7 16. axb5 Nd7 17. Qd4 cxb5 18. Nxb5 N7b6 19. Nd6 Bb7 20. O-O Qc7 21. Bg4
Qc6 22. f3 Nc7 23. Ra5 Qd7 24. Nxb7  1-0

[Event "M.Chigorin Memorial 2017 "]
[Site "?????-?????????"]
[Date "2017.10.28"]
[Round "8"]
[Board "35"]
[White "Khanin, Semen"]
[Black "Chen, Qi B"]
[Result "1-0"]
[WhiteElo "2450"]
[BlackElo "2345"]
[PlyCount "155"]
[EventDate "2017.10.21"]
[EventRounds "9"]
[EventCountry "RUS"]

1. e4 c5 2. Nf3 d6 3. d4 cxd4 4. Nxd4 Nf6 5. Nc3 a6 6. f3 e5 7. Nb3 Be6 8. Be3
h5 9. Qd2 Nbd7 10. O-O-O Be7 11. Kb1 b5 12. a3 Qc7 13. Nd5 Bxd5 14. exd5 Nb6
15. Bxb6 Qxb6 16. Na5 Rc8 17. Nc6 Nxd5 18. Nxe7 Nxe7 19. Qxd6 Qxd6 20. Rxd6 Nc6
21. Bd3 Ke7 22. Rd5 Ke6 23. Rc5 Nd4 24. Rxc8 Rxc8 25. Rd1 f5 26. a4 Rb8 27.
axb5 axb5 28. b4 h4 29. c3 Nc6 30. Kb2 g6 31. Bc2 Rb6 32. Bb3+ Ke7 33. Rd5 Rb8
34. Bc2 Ke6 35. Rc5 Kd6 36. Bd3 Na7 37. Kc2 Rb6 38. Kd2 Ra6 39. c4 Ra2+ 40. Kc3
bxc4 41. Bxc4 Rxg2 42. Rd5+ Kc7 43. Rxe5 Rxh2 44. Re7+ Kb8 45. Ba6 Rf2 46. Rb7+
Ka8 47. Rh7 Kb8 48. b5 Rxf3+ 49. Kb4 Rf2 50. Rh8+ Kc7 51. Rh7+ Kb8 52. b6 Rb2+
53. Kc5 Rc2+ 54. Kd5 Rd2+ 55. Ke6 Nc8 56. Rh8 Rd6+ 57. Ke5 Rxb6 58. Bxc8 Kc7
59. Be6 Rb2 60. Rxh4 Re2+ 61. Kd5 Re4 62. Rh6 Kb6 63. Bxf5 Re1 64. Rxg6+ Kc7
65. Rc6+ Kb7 66. Bc8+ Kb8 67. Ba6 Rd1+ 68. Kc5 Rc1+ 69. Bc4 Kb7 70. Rg6 Kc7 71.
Rg7+ Kd8 72. Kd6 Kc8 73. Bd5 Kb8 74. Rb7+ Kc8 75. Rb2 Rd1 76. Rh2 Kb8 77. Ra2
Rxd5+ 78. Kxd5  1-0

[Event "M.Chigorin Memorial 2017 "]
[Site "?????-?????????"]
[Date "2017.10.28"]
[Round "8"]
[Board "36"]
[White "Askerov, Marat"]
[Black "Malakhov, Igor"]
[Result "1/2-1/2"]
[WhiteElo "2332"]
[BlackElo "2446"]
[PlyCount "105"]
[EventDate "2017.10.21"]
[EventRounds "9"]
[EventCountry "RUS"]

1. d4 d5 2. c4 e6 3. Nf3 c5 4. cxd5 exd5 5. g3 Nc6 6. Bg2 Nf6 7. O-O Be7 8. Nc3
O-O 9. Bg5 cxd4 10. Nxd4 h6 11. Be3 Re8 12. h3 Be6 13. Rc1 Rc8 14. Qa4 a6 15.
Rfd1 Nxd4 16. Bxd4 Rc4 17. Qb3 Qc8 18. h4 Ne4 19. e3 b5 20. Ne2 Qc7 21. Rxc4
dxc4 22. Qc2 Nf6 23. Nf4 Bg4 24. f3 Bc8 25. g4 Bd6 26. Bxf6 Bxf4 27. exf4 gxf6
28. Qd2 h5 29. Qd4 Qe7 30. f5 Kg7 31. b3 cxb3 32. axb3 a5 33. Bf1 Qe3+ 34. Qxe3
Rxe3 35. Rd8 Bb7 36. Bxb5 Rxb3 37. Bc4 Rb4 38. Be2 a4 39. Rd2 a3 40. Ra2 Rb2
41. Rxb2 axb2 42. Bd3 Bxf3 43. gxh5 Bxh5 44. Kf2 Kf8 45. Ke3 Ke7 46. Kd2 Kd6
47. Kc2 Ke5 48. Kxb2 Bg4 49. Kc3 Bxf5 50. Be2 Kf4 51. Kd2 Bg4 52. h5 Bxh5 53.
Bxh5  1/2-1/2

[Event "M.Chigorin Memorial 2017 "]
[Site "?????-?????????"]
[Date "2017.10.28"]
[Round "8"]
[Board "37"]
[White "Borisovsky, Dmitry"]
[Black "Kozionov, Kirill"]
[Result "0-1"]
[WhiteElo "2304"]
[BlackElo "2433"]
[PlyCount "168"]
[EventDate "2017.10.21"]
[EventRounds "9"]
[EventCountry "RUS"]

1. e4 d5 2. exd5 Qxd5 3. Nc3 Qd6 4. d4 Nf6 5. Nb5 Qb6 6. c4 c6 7. Nc3 e5 8. Qe2
Qxd4 9. Nf3 Qc5 10. Bf4 Be6 11. Bxe5 Nbd7 12. Bd4 Qa5 13. Qc2 Bb4 14. Bd3 O-O
15. O-O Bg4 16. Nh4 Bc5 17. Bxc5 Qxc5 18. Rfe1 Rad8 19. Na4 Qa5 20. Nf5 Ne5 21.
b4 Qc7 22. Bf1 Bh5 23. Qc3 Rfe8 24. Ng3 Bg4 25. h3 Bc8 26. Re3 Ng6 27. Rae1
Rxe3 28. Rxe3 h5 29. Nc5 h4 30. Nge4 Nh7 31. Nd3 Bf5 32. c5 Bxe4 33. Rxe4 Nf6
34. Re1 Nd5 35. Qc4 Nf6 36. a3 Rd5 37. Re3 Qd7 38. Qc1 Rd4 39. Qe1 Qd5 40. Qe2
Ne4 41. Qg4 Nd2 42. Qc8+ Kh7 43. Be2 Re4 44. Rxe4 Qxe4 45. Qg4 Qe7 46. Bd1 Nb1
47. Bb3 Qf6 48. a4 Nd2 49. Bd1 Qc3 50. Qe2 Nc4 51. Qc2 Qd4 52. Be2 Kg8 53. Qd1
Ne7 54. Nb2 Qxd1+ 55. Nxd1 Ne5 56. Nc3 Nf5 57. Bg4 Ne7 58. Be2 Nf5 59. f4 Ng6
60. Bg4 Nfe7 61. f5 Nf4 62. Ne4 Nd3 63. Nd6 Nxb4 64. Nxb7 Ned5 65. Bf3 Nc3 66.
a5 Kf8 67. Kf2 Ke7 68. Ke3 Nb5 69. Kf4 Kd7 70. Kg5 Kc7 71. Nd6 Nxd6 72. cxd6+
Kxd6 73. Kxh4 c5 74. Be2 Kd5 75. Kg5 c4 76. f6 g6 77. g4 c3 78. Bd1 c2 79. Bxc2
Nxc2 80. h4 Nd4 81. Kh6 Ke6 82. h5 Kxf6 83. g5+ Kf5 84. Kg7 gxh5  0-1

[Event "M.Chigorin Memorial 2017 "]
[Site "?????-?????????"]
[Date "2017.10.28"]
[Round "8"]
[Board "38"]
[White "Nechaeva, Marina"]
[Black "Khlebovich, Alexander"]
[Result "1/2-1/2"]
[WhiteElo "2431"]
[BlackElo "2326"]
[PlyCount "81"]
[EventDate "2017.10.21"]
[EventRounds "9"]
[EventCountry "RUS"]

1. d4 Nf6 2. c4 e6 3. Nc3 Bb4 4. Nf3 c5 5. g3 cxd4 6. Nxd4 Ne4 7. Qc2 Qa5 8.
Bg2 Nxc3 9. O-O Nc6 10. bxc3 Bxc3 11. Nb3 Nd4 12. Nxd4 Bxd4 13. Bb2 Bxb2 14.
Qxb2 O-O 15. Rfd1 Rb8 16. Rd4 b6 17. Rad1 Qc5 18. a4 d6 19. Qb5 a6 20. Qc6 b5
21. cxb5 axb5 22. axb5 Bb7 23. Qxd6 Qxd6 24. Rxd6 Bxg2 25. Kxg2 Rxb5 26. Rd7 g6
27. Rc7 Rbb8 28. Rdd7 Rbd8 29. g4 Rxd7 30. Rxd7 h6 31. h4 Kg7 32. Kg3 Ra8 33.
Rb7 Ra5 34. e3 h5 35. g5 Ra1 36. Rb4 Ra5 37. Rc4 Rb5 38. Ra4 Rc5 39. Rb4 Ra5
40. Rc4 Rb5 41. Ra4  1/2-1/2

[Event "M.Chigorin Memorial 2017 "]
[Site "?????-?????????"]
[Date "2017.10.28"]
[Round "8"]
[Board "39"]
[White "Ivlev, Aleksey"]
[Black "Duzhakov, Ilya"]
[Result "0-1"]
[WhiteElo "2296"]
[BlackElo "2423"]
[PlyCount "52"]
[EventDate "2017.10.21"]
[EventRounds "9"]
[EventCountry "RUS"]

1. d4 Nf6 2. c4 g6 3. Nf3 Bg7 4. e3 O-O 5. Be2 c5 6. O-O cxd4 7. Nxd4 d5 8. Nc3
dxc4 9. Bxc4 Bd7 10. b3 Nc6 11. Bb2 Qa5 12. Qe1 Rfd8 13. Rd1 a6 14. a3 Qc7 15.
Nxc6 Bxc6 16. Qe2 b5 17. Bd3 h5 18. f3 h4 19. Bc2 Nh5 20. Rxd8+ Rxd8 21. Bb1 b4
22. axb4 Bxc3 23. Bxc3 Bb5 24. Qe1 Bxf1 25. b5 Bxb5 26. Ba5 Qxa5  0-1

[Event "M.Chigorin Memorial 2017 "]
[Site "?????-?????????"]
[Date "2017.10.28"]
[Round "8"]
[Board "40"]
[White "Faizrakhmanov, Ramil"]
[Black "Xu, Minghui"]
[Result "1-0"]
[WhiteElo "2421"]
[BlackElo "2318"]
[PlyCount "119"]
[EventDate "2017.10.21"]
[EventRounds "9"]
[EventCountry "RUS"]

1. d4 d5 2. c4 e6 3. Nc3 c6 4. e3 Nf6 5. Nf3 Nbd7 6. Qc2 Bd6 7. Bd3 O-O 8. O-O
dxc4 9. Bxc4 a6 10. Rd1 b5 11. Bf1 c5 12. dxc5 Bxc5 13. a4 b4 14. Ne4 Nxe4 15.
Qxe4 Nf6 16. Rxd8 Nxe4 17. Rxf8+ Bxf8 18. Nd2 Nc5 19. f3 Bb7 20. e4 Rd8 21. Kf2
Be7 22. Bc4 Bf6 23. Ke2 a5 24. Bb5 Rc8 25. Rb1 Bc6 26. Bxc6 Rxc6 27. b3 Kf8 28.
Bb2 Bc3 29. Bc1 Bf6 30. g3 h5 31. f4 Bc3 32. e5 f6 33. Nf3 Ne4 34. Ke3 f5 35.
Kd3 Nc5+ 36. Ke2 Ke7 37. Be3 Ne4 38. Rc1 Kd7 39. Kd3 Kc7 40. Ke2 Kd7 41. Rc2
Kc7 42. Bg1 Kd7 43. Kd3 Kc7 44. Bd4 Bxd4 45. Rxc6+ Kxc6 46. Kxd4 Kd7 47. Kc4
Nc3 48. Nd4 g6 49. Kc5 h4 50. gxh4 Nd5 51. Ne2 Nc3 52. Ng3 Nd5 53. h5 Nxf4 54.
h6 g5 55. h7 Ng6 56. Kb5 f4 57. Ne4 f3 58. Kxa5 Kc6 59. Kxb4 Kd5 60. Nf2  1-0

[Event "M.Chigorin Memorial 2017 "]
[Site "?????-?????????"]
[Date "2017.10.28"]
[Round "8"]
[Board "41"]
[White "Sadovsky, Artem"]
[Black "Zhai, Mo"]
[Result "1-0"]
[WhiteElo "2407"]
[BlackElo "2300"]
[PlyCount "61"]
[EventDate "2017.10.21"]
[EventRounds "9"]
[EventCountry "RUS"]

1. c4 e6 2. g3 Nf6 3. Bg2 d5 4. Nf3 Be7 5. O-O O-O 6. b3 c5 7. Bb2 Nc6 8. cxd5
Nxd5 9. Nc3 Bf6 10. Qc2 Nxc3 11. Bxc3 Nd4 12. Nxd4 cxd4 13. Bb2 Qa5 14. d3 Bd7
15. Bxb7 Rab8 16. Bf3 Rfc8 17. Qb1 e5 18. Rc1 Bg5 19. Rc4 Be6 20. Ra4 Qb6 21.
Qd1 a5 22. Qe1 Bd7 23. Rxa5 Rc7 24. Rd5 Be6 25. Bxd4 exd4 26. Rxg5 Rc3 27. a4
Rxb3 28. a5 Qa6 29. Rc5 h6 30. h4 Qa7 31. Qc1  1-0

[Event "M.Chigorin Memorial 2017 "]
[Site "?????-?????????"]
[Date "2017.10.28"]
[Round "8"]
[Board "42"]
[White "Yeritsyan, Aram"]
[Black "Sindarov, Javokhir"]
[Result "0-1"]
[WhiteElo "2293"]
[BlackElo "2406"]
[PlyCount "94"]
[EventDate "2017.10.21"]
[EventRounds "9"]
[EventCountry "RUS"]

1. e4 d6 2. d4 Nf6 3. Nc3 e5 4. Nf3 Nbd7 5. Bc4 Be7 6. O-O O-O 7. a4 c6 8. Ba2
a5 9. h3 Qc7 10. Re1 h6 11. Nh4 Re8 12. Nf5 Bf8 13. Qf3 exd4 14. Nxd4 Ne5 15.
Qg3 Kh7 16. Be3 Ng6 17. Qf3 Ra6 18. Rad1 Ne5 19. Qg3 Rb6 20. f4 Ng6 21. Qf3 Kg8
22. Kh1 Rb4 23. Bf2 Nd7 24. Bb3 Nc5 25. h4 Nxb3 26. cxb3 d5 27. exd5 Rxe1+ 28.
Bxe1 h5 29. f5 Ne5 30. Qxh5 Qb6 31. Nf3 Ng4 32. dxc6 Nf6 33. Qg5 bxc6 34. Ne5
Rxb3 35. Qf4 Rb4 36. Qf3 Bb7 37. Nd7 Nxd7 38. Rxd7 Bc8 39. Bf2 Rxh4+ 40. Bxh4
Bxd7 41. f6 Qxb2 42. fxg7 Qc1+ 43. Kh2 Bd6+ 44. Bg3 Bc5 45. Bf4 Qg1+ 46. Kg3
Qe1+ 47. Kh2 Qh4+  0-1

[Event "M.Chigorin Memorial 2017 "]
[Site "?????-?????????"]
[Date "2017.10.28"]
[Round "8"]
[Board "43"]
[White "Klepikov, Nikita"]
[Black "Bryakin, Mikhail"]
[Result "1/2-1/2"]
[WhiteElo "2272"]
[BlackElo "2391"]
[PlyCount "78"]
[EventDate "2017.10.21"]
[EventRounds "9"]
[EventCountry "RUS"]

1. e4 c6 2. d4 d5 3. Nd2 dxe4 4. Nxe4 Bf5 5. Ng3 Bg6 6. N1e2 Nf6 7. h4 h6 8.
Nf4 Bh7 9. Bc4 e6 10. Nfh5 Nbd7 11. c3 Nxh5 12. Nxh5 Nf6 13. Bf4 Nxh5 14. Qxh5
Bd6 15. Bxd6 Qxd6 16. O-O O-O 17. Rfe1 Rac8 18. Re5 Kh8 19. Rae1 b6 20. b4 Rc7
21. a4 Qd8 22. g3 Qf6 23. Bf1 Rd8 24. Bg2 Qg6 25. Qd1 Qc2 26. Qa1 Qb3 27. a5
Bd3 28. g4 Qc4 29. Qa3 Rdc8 30. R1e3 Bc2 31. Qc1 Qb3 32. Qd2 Bh7 33. Bf1 Rd8
34. Qe1 Qa2 35. Re2 Qc4 36. R2e3 Qa2 37. Re2 Qc4 38. R2e3 Qa2 39. Re2 Qc4
 1/2-1/2

[Event "M.Chigorin Memorial 2017 "]
[Site "?????-?????????"]
[Date "2017.10.28"]
[Round "8"]
[Board "44"]
[White "Gubajdullin, Alexei"]
[Black "Artamonov, Valery"]
[Result "1/2-1/2"]
[WhiteElo "2391"]
[BlackElo "2273"]
[PlyCount "155"]
[EventDate "2017.10.21"]
[EventRounds "9"]
[EventCountry "RUS"]

1. d4 Nf6 2. Bf4 c5 3. e3 g6 4. Nf3 Bg7 5. Be2 O-O 6. O-O b6 7. h3 Bb7 8. c3 d6
9. a4 a6 10. Qb3 Nbd7 11. Rd1 Ra7 12. d5 Qa8 13. c4 b5 14. a5 bxc4 15. Bxc4 Rb8
16. Qd3 Bc8 17. Ra2 Ne8 18. Nc3 Nc7 19. Bg5 f6 20. Bf4 Nb5 21. Na4 Qb7 22. h4
Qc7 23. Qd2 Nf8 24. Rc1 Bg4 25. b4 Bxf3 26. gxf3 g5 27. Bg3 gxh4 28. Bh2 Nd7
29. bxc5 Ne5 30. Bxe5 fxe5 31. c6 Kh8 32. Nb6 Bh6 33. Bf1 e6 34. Bxb5 Qg7+ 35.
Kf1 axb5 36. dxe6 h3 37. Ke2 h2 38. Qxd6 Rg8 39. c7 Rxc7 40. Rxc7 h1=Q 41. Rxg7
Bxg7 42. a6 e4 43. fxe4 Bc3 44. Nd5 Qe1+ 45. Kd3 Rc8 46. Nxc3 Rxc3+ 47. Kd4
Qd1+ 48. Kxc3 Qxd6 49. Kc2 Qxe6 50. Kb2 Qe5+ 51. Kb3 Qe6+ 52. Kb2 Qxe4 53. a7
Qa8 54. Kc3 Kg7 55. Kb4 Kf6 56. Ra6+ Ke5 57. f3 Kd5 58. e4+ Kd4 59. Rd6+ Ke5
60. Rd7 h5 61. Kxb5 Qe8 62. Kc5 h4 63. Rh7 Qa4 64. Kb6 Qb4+ 65. Ka6 Qc4+ 66.
Kb6 Qb3+ 67. Ka6 Qg8 68. Rxh4 Qc4+ 69. Kb6 Qb4+ 70. Ka6 Qd6+ 71. Kb7 Qe7+ 72.
Kb6 Qd8+ 73. Ka6 Qc8+ 74. Kb6 Qd8+ 75. Kc6 Qa8+ 76. Kb6 Qd8+ 77. Kb7 Qd7+ 78.
Kb6  1/2-1/2